000 00206 a2200097 4500
020 _a9781550742787
041 _aeng
100 _aPaulette Bourgeois y Brenda Clark
245 _aFranklins Blanket
942 _cBK
999 _c9540
_d9540